00696nam a22001697a 4500003000500000082000800005100002600013245014800039264003700187300003100224650004400255700004400299856005700343942001300400999001900413952009400432NUST a621 a AZIZ ,MUBEEN9122305 aInvestigation of change in strength of Double Cantilever Beam Adhesive Joints under Mode I failure by addition of Cork Particles /cMUBEEN AZIZ aIslamabad: bSMME- NUST. c2021. a44p. ;bSoft Copy, c30cm. aMS Mechanical Engineering 9119495 aSupervisor : Dr. Aamir Mubashar9119655 uhttp://10.250.8.41:8080/xmlui/handle/123456789/23957 2ddccTHE c608811d608811 00104070aSMMEbSMMEcTHEd2024-04-15l0o621pSMME-TH-567r2024-04-15w2024-04-15yTHE